Loading...
| Science - Chemistry | 0 | 4 | 1 | 0 | 35 | 70 | 77.75 | 0 | 3 | 7.73 | 26.00 |
| Literature - British | 0 | 3 | 0 | 0 | 30 | 61 | 84.67 | 1 | 1 | 7.84 | 16.00 |
| Mythology | 0 | 3 | 0 | 1 | 30 | 75 | 89.67 | 0 | 2 | 6.87 | 10.00 |
| History - American | 0 | 3 | 1 | 0 | 25 | 28 | 60.33 | 2 | 3 | 13.99 | 26.00 |
| Science - Other | 0 | 2 | 0 | 0 | 20 | 42 | 68.50 | 0 | 1 | 7.59 | 10.00 |
| History - Other | 0 | 2 | 0 | 0 | 20 | 77 | 97.00 | 0 | 0 | 3.30 | 6.00 |
| Philosophy | 0 | 2 | 0 | 1 | 20 | 93 | 94.50 | 0 | 0 | 2.73 | 11.43 |
| Science - Physics | 0 | 2 | 1 | 1 | 15 | 68 | 84.50 | 0 | 1 | 3.86 | 6.00 |
| Social Science | 0 | 1 | 0 | 0 | 10 | 73 | 73.00 | 0 | 1 | 5.06 | 11.43 |
| Fine Arts - Painting and Sculpture | 0 | 1 | 0 | 0 | 10 | 101 | 101.00 | 1 | 1 | 1.79 | 10.00 |
| Literature - American | 0 | 1 | 0 | 0 | 10 | 118 | 118.00 | 0 | 0 | 0.00 | 2.00 |
| Literature - European | 0 | 1 | 0 | 0 | 10 | 121 | 121.00 | 0 | 1 | 0.00 | 6.00 |
| Literature - World | 0 | 1 | 0 | 0 | 10 | 123 | 123.00 | 0 | 0 | 0.31 | 4.00 |
| Religion | 0 | 1 | 0 | 0 | 10 | 71 | 71.00 | 0 | 0 | 2.83 | 4.00 |
| Fine Arts - Other | 0 | 1 | 0 | 0 | 10 | 106 | 106.00 | 0 | 0 | 0.70 | 2.00 |
| Science - Biology | 0 | 1 | 1 | 0 | 5 | 57 | 57.00 | 1 | 1 | 4.30 | 10.00 |
| Popular Culture | 0 | 0 | 0 | 0 | 0 | 0.00 | 0 | 0 | 0.00 | 0.00 |